000 01081nam a2200241 i 4500
001 53283
003 ES-MaACL
005 20250817041841.0
007 t|
008 940202m18901891sp a |||| | spa d
100 1 _aDuruy, Victor.
_946334
245 1 0 _aHistoria de los griegos :
_bdesde los tiempos más remotos hasta la reducción de Grecia a provincia romana /
_cpor Victor Duruy ; traducida de la última edición, revisada y aumentada por el autor, por Enrique Leopoldo de Verneuil.
260 _aBarcelona :
_bMontaner y Simón,
_c1890-1891.
300 _a3 v. :
_blám. col., il. ;
_c24 cm.
530 _aDisponibles en formato digital v. 1-2.
586 _aObra premiada por la Academia francesa
599 _aLám.: cromolitografías.
651 4 _aGrecia-
_xHistoria-
_yHasta 146 a.C.
_98781
700 1 _aVerneuil, Enrique Leopoldo de
_9133649
852 4 _aES-MaACL
_jF-1274-76
856 4 _uhttp://www.bibliotecavirtualdeandalucia.es/catalogo/es/consulta/registro.do?id=1040316
_zBiblioteca Virtual de Andalucía
_z(V. 1-2)
999 _c53283
_d53283